[Event "12th Forchheim Open A 2013"]
[Site "Forchheim GER"]
[Date "2013.09.29"]
[Round "5.10"]
[White "De Silva,Joel Niels"]
[Black "Walter,F"]
[Result "1/2-1/2"]
[WhiteElo "1915"]
[BlackElo "2127"]

1.e4 g6 2.d4 Bg7 3.Nc3 d6 4.Be3 a6 5.Nge2 Nd7 6.Ng3 b5 7.Qd2 Bb7 8.Bd3 c5
9.dxc5 Nxc5 10.a3 Rc8 11.O-O h5 12.h3 Nf6 13.f3 Qc7 14.Rab1 Nfd7 15.Nge2 Nb6
16.Rfd1 O-O 17.Bh6 Rfd8 18.Bxg7 Kxg7 19.Qg5 Ne6 20.Qg3 Qc5+ 21.Kh1 Qe3 22.Rf1 Nc4
23.Nd5 Bxd5 24.exd5 Nc5 25.Bxc4 bxc4 26.Nf4 Kf8  1/2-1/2

[Event "TCh-Moscow GpA 2013"]
[Site "Moscow RUS"]
[Date "2013.09.29"]
[Round "6.3"]
[White "Zhadanov,V"]
[Black "Belov,Ig1"]
[Result "0-1"]
[WhiteElo "2252"]
[BlackElo "2408"]

1.e4 d6 2.d4 g6 3.Nc3 Bg7 4.f4 Nc6 5.Be3 Nf6 6.Nf3 O-O 7.d5 Nb8 8.Be2 c6
9.O-O cxd5 10.exd5 Bg4 11.h3 Bxf3 12.Bxf3 Nbd7 13.Ne2 Qa5 14.c4 Rfc8 15.b3 Nc5
16.Qc2 Qd8 17.b4 Ncd7 18.Rab1 Nb6 19.c5 Nbxd5 20.Bd4 dxc5 21.bxc5 b6 22.Rfd1 e6
23.Nc3 bxc5 24.Bxf6 Bxf6 25.Nxd5 exd5 26.Rxd5 Bd4+ 27.Kh1 Qe7 28.Qe4 Qf6
29.Rd7 Re8 30.Qb7 Rad8 31.Bd5 Rxd7 32.Qxd7 Re7 33.Qg4 h5 34.Qc8+ Kg7 35.Rf1 h4
36.Bc4 Re3 37.Qd7 Rc3 38.Qd5 Qf5 39.Qxf5 gxf5 40.Bd5 c4 41.g3 hxg3 42.Kg2 Bf2
43.Rb1 Rc2 44.Kf3 c3 45.Bb3 Rd2 46.Rc1 Rd3+ 47.Kg2 Be3 48.Rf1 c2 49.Bxc2 Rd2+
50.Kf3 g2  0-1

[Event "Lichtenrader Herbst 2013"]
[Site "Berlin GER"]
[Date "2013.09.30"]
[Round "3.1"]
[White "Lerch,Ph"]
[Black "Graf,A"]
[Result "0-1"]
[WhiteElo "2163"]
[BlackElo "2607"]

1.e4 g6 2.d4 Bg7 3.Nc3 d6 4.Nf3 Nf6 5.Be2 O-O 6.O-O b6 7.Re1 Bb7 8.Bf1 Nbd7
9.Bf4 Re8 10.Bb5 a6 11.Bxd7 Qxd7 12.e5 Nh5 13.Bg3 Nxg3 14.hxg3 c5 15.dxc5 bxc5
16.Nd5 Rad8 17.c4 dxe5 18.Nxe5 Qd6 19.Qe2 Bxd5 20.cxd5 Qxd5 21.Rad1 Qxa2
22.Rxd8 Rxd8 23.Nc6 Rf8 24.Nxe7+ Kh8 25.Rc1 Qxb2 26.Qxb2 Bxb2 27.Rxc5 Ba3
28.Nxg6+ hxg6 29.Ra5 Bb4 30.Rxa6 Rd8 31.Rf6 Kg7 32.Rf4 Bc5 33.Kf1 Rd2 34.g4 Rd4
35.Rf3 Rxg4 36.Rc3 Rg5 37.Rd3 Rf5 38.f3 Kf6 39.g3 Ke6 40.Kg2 Bd6  0-1

[Event "39th National ch-BAN"]
[Site "Dhaka BAN"]
[Date "2013.09.30"]
[Round "9.6"]
[White "Hossain,Enam"]
[Black "Rahman,Zia"]
[Result "1/2-1/2"]
[WhiteElo "2445"]
[BlackElo "2477"]

1.e4 g6 2.d4 d6 3.Nc3 Bg7 4.Be3 c6 5.Nf3 Nf6 6.h3 O-O 7.Qd2 Nbd7 8.Bd3 e5
9.O-O Re8 10.a4 exd4 11.Bxd4 Ne5 12.Nxe5 dxe5 13.Be3 Be6 14.a5 Nd7 15.Rfd1 Qe7
16.Na4 Red8 17.Qc3 Bf8 18.Bc4 Bxc4 19.Qxc4 Qb4 20.Qxb4  1/2-1/2

[Event "Grand Open Blagoevgrad 2013"]
[Site "Blagoevgrad BUL"]
[Date "2013.10.01"]
[Round "5.5"]
[White "Drenchev,P"]
[Black "Vaklinov,V"]
[Result "1-0"]
[WhiteElo "2488"]
[BlackElo "2144"]

1.e4 g6 2.d4 Bg7 3.Nc3 d6 4.h3 a6 5.Nf3 Nd7 6.Bc4 e6 7.a4 b6 8.O-O Ne7 9.Bf4 Bb7
10.Re1 Nf6 11.Bb3 O-O 12.Qd2 d5 13.e5 Nd7 14.Nd1 c5 15.c3 Rc8 16.Ne3 b5 17.axb5 axb5
18.Ng4 cxd4 19.cxd4 Nf5 20.Bg5 Qb6 21.Nf6+ Bxf6 22.Bxf6 Ng7 23.Be7 Rfe8 24.Bb4 Ra8
25.g4 Rxa1 26.Rxa1 f6 27.Qf4 g5 28.Qe3 h6 29.exf6 Nxf6 30.Ne5 Ra8 31.Rc1 Rc8
32.Bc5 Qc7 33.Bc2 Ne4 34.b4 Ne8 35.f3 Nxc5 36.bxc5 Qg7 37.Bg6 Nc7 38.Bf7+ Kf8
39.f4 Ke7 40.c6 Ba6 41.Qa3+  1-0

[Event "23rd EYCC Girls U18 2013"]
[Site "Budva MNE"]
[Date "2013.10.01"]
[Round "3.23"]
[White "Nancheva,Doroteya"]
[Black "Gulay,Ayca Nuriye"]
[Result "0-1"]
[WhiteElo "1845"]
[BlackElo "1634"]

1.e4 g6 2.d4 Bg7 3.Nc3 d6 4.Nf3 Nf6 5.h3 O-O 6.Be3 Nc6 7.Be2 e5 8.d5 Ne7
9.Qd2 Bd7 10.Bh6 b5 11.Bd3 c6 12.dxc6 Bxc6 13.Bxg7 Kxg7 14.Nxb5 Bxb5 15.Bxb5 Nxe4
16.Qe2 f5 17.O-O Qb6 18.Rad1 Ng3 19.Qc4 Nxf1 20.Rxf1 d5 21.Qc3 d4 22.Qb3 Rab8
23.a4 a6 24.Nxe5 Qd6 25.Nd7 axb5 26.Nxf8 Kxf8 27.axb5 Qb6 28.Re1 Qc5 29.Re6 Rb6
30.Qa2 Qxb5 31.Rxb6 Qxb6 32.Qa8+ Kg7 33.Qe8 Qb4 34.c3 dxc3 35.bxc3 Qb1+ 36.Kh2 Qe4
37.c4 f4 38.c5 Qe5 39.c6 f3+ 40.Kg1 Qg5 41.g4 Qe5  0-1

[Event "33rd Munich OIS Open 2013"]
[Site "Munich GER"]
[Date "2013.10.01"]
[Round "4.5"]
[White "Boehm,Ju2"]
[Black "Reich,T"]
[Result "1/2-1/2"]
[WhiteElo "2158"]
[BlackElo "2382"]

1.d4 g6 2.e4 Bg7 3.Nc3 d6 4.f4 Nf6 5.Nf3 c5 6.Bb5+ Nc6 7.dxc5 Qa5 8.O-O O-O
9.cxd6 Qb6+ 10.Kh1 Nxe4 11.Nxe4 Qxb5 12.dxe7 Nxe7 13.Nd6 Qa6 14.Nxc8 Raxc8
15.Ne5 Rxc2 16.Be3 Rfc8 17.Bd4 Nf5 18.Bc3 Ne3 19.Qd7 Qe6 20.Qxe6 fxe6 21.Rfc1 Re2
22.Re1 Rxe1+ 23.Rxe1 Nd5 24.g3 Nxc3 25.Rc1 Bxe5 26.fxe5 Kf7 27.Kg2 Ke7 28.h4 Rc5
29.bxc3 Rxe5 30.Kf3 Ra5 31.Rc2 Ra4 32.c4 Ra3+ 33.Kf4 Kf6 34.c5 e5+ 35.Kg4 h5+
36.Kh3 Kf5 37.Rb2 a5 38.Rxb7 Rxa2 39.Ra7 e4 40.c6 e3 41.Re7 Rc2 42.Rxe3 Rxc6
43.Ra3 Rc5 44.Rf3+ Ke5 45.Rf8 Kd4 46.Rg8 a4 47.Rxg6 Kc3 48.g4 a3 49.gxh5 a2
50.Ra6 Kb2 51.Kg4 Kb3 52.Rxa2 Kxa2 53.h6 Rc4+  1/2-1/2

[Event "Tatry Open 2013"]
[Site "Tatranske Zruby SVK"]
[Date "2013.10.01"]
[Round "4.29"]
[White "Jossien,R"]
[Black "Kotlowski,T"]
[Result "0-1"]
[WhiteElo "2288"]
[BlackElo "2033"]

1.e4 g6 2.d4 Bg7 3.Nc3 d6 4.f4 Nf6 5.Nf3 O-O 6.e5 dxe5 7.fxe5 Nd5 8.Bc4 Be6
9.Bb3 c5 10.Ng5 cxd4 11.Qxd4 Nc6 12.Qh4 h5 13.Nxe6 fxe6 14.Bd2 Nxc3 15.Bxc3 Bh6
16.Rd1 Qb6 17.Rd3 Rf4 18.Qg3 Kh7 19.Kd1 Rg4 20.Qh3 Qf2 21.g3 Rd8 22.Qf1 Qe3
23.Qf7+ Kh8 24.Rxd8+ Nxd8 25.Qe8+ Kg7 26.Qxe7+ Nf7 27.Qf6+ Kg8 28.Re1 Rd4+  0-1

[Event "Lichtenrader Herbst 2013"]
[Site "Berlin GER"]
[Date "2013.10.02"]
[Round "5.3"]
[White "Mikkelsen,N"]
[Black "Reichenbach,W"]
[Result "1-0"]
[WhiteElo "2412"]
[BlackElo "2290"]

1.e4 g6 2.d4 Bg7 3.Nc3 d6 4.Be3 c6 5.h4 Nf6 6.f3 b5 7.Qd2 Qa5 8.Nge2 b4 9.Nd1 Nbd7
10.Nf4 Rb8 11.Be2 c5 12.d5 h5 13.O-O Qc7 14.a3 a5 15.axb4 axb4 16.Qe1 Ne5
17.Qg3 O-O 18.Nf2 Bd7 19.N2d3 Nc4 20.Bc1 Ra8 21.Rxa8 Rxa8 22.Kh1 Bb5 23.Nf2 Qb8
24.N4d3 Qc8 25.f4 Be8 26.Bf3 Nd7 27.b3 Na3 28.Bd1 Nb5 29.f5 Ra1 30.Nh3 Nc3
31.Bf3 Nf6 32.Re1 Na2 33.Bg5 Rxe1+ 34.Qxe1 Nc3 35.fxg6 fxg6 36.Nhf4 Bf7 37.e5 dxe5
38.Nxe5 Qf5 39.Nxf7 Kxf7 40.Qe6+ Kf8 41.Qxf5 gxf5 42.g3 Kf7 43.Bxf6 Bxf6
44.Bxh5+ Kg7 45.Bf3 Be5 46.Ne6+ Kf6 47.Kg2 Bd6 48.h5 Nb5 49.Nf4 Kg5 50.Kf2 Kh6
51.Ke3 Be5 52.Kd3 Bd6 53.Ng6 Kg5 54.g4 fxg4 55.Bxg4 Nd4 56.Bd1 Nb5 57.Nf8 Nc3
58.Ne6+ Kf5 59.Bf3 Ke5 60.h6 Kf5 61.h7 Be5 62.Nxc5 Kg6 63.Be4+ Kh6 64.Na6 Na2
65.Kc4  1-0

[Event "Lichtenrader Herbst 2013"]
[Site "Berlin GER"]
[Date "2013.10.02"]
[Round "5.1"]
[White "Collins,S IRL"]
[Black "Graf,A"]
[Result "1/2-1/2"]
[WhiteElo "2475"]
[BlackElo "2607"]

1.e4 g6 2.d4 Bg7 3.Nc3 d6 4.f4 a6 5.Nf3 Nd7 6.Bd3 c5 7.d5 b5 8.a4 c4 9.Be2 b4
10.Na2 Ngf6 11.e5 Ng4 12.h3  1/2-1/2

[Event "Lichtenrader Herbst 2013"]
[Site "Berlin GER"]
[Date "2013.10.02"]
[Round "5.18"]
[White "Schmidek,Emil"]
[Black "Bruun,H"]
[Result "1-0"]
[WhiteElo "1940"]
[BlackElo "2092"]

1.e4 g6 2.d4 Bg7 3.Nc3 d6 4.f4 Nf6 5.Nf3 O-O 6.Bd3 Na6 7.a3 c5 8.d5 Nc7 9.O-O Rb8
10.a4 Bd7 11.Qe1 b5 12.axb5 Bxb5 13.Nxb5 Nxb5 14.Ra5 Nc7 15.Rxa7 Rb4 16.b3 Qb8
17.Ra2 e6 18.Bd2 Rb7 19.dxe6 Nxe6 20.f5 Nd8 21.Qh4 Nc6 22.Bc3 Qd8 23.fxg6 fxg6
24.Ng5 Nh5 25.Bc4+ Kh8 26.Bxg7+ Rxg7 27.Rxf8+ Qxf8 28.Ne6 Qe7 29.Qxe7 Nxe7
30.Nxg7 Kxg7 31.Ra6 Nf6 32.Rxd6 Ng4 33.h3 Ne3 34.Rd7 Kf8 35.Bd3 h5 36.Rc7 g5
37.Rxc5 Ng6 38.Kf2 Nd1+ 39.Ke2 Nb2 40.Rxg5 Nf4+ 41.Ke3  1-0

[Event "23rd EYCC Open U16 2013"]
[Site "Budva MNE"]
[Date "2013.10.02"]
[Round "4.38"]
[White "Chistiakov,Mihail"]
[Black "Matijevic,Ivan"]
[Result "0-1"]
[WhiteElo "1927"]
[BlackElo "1651"]

1.e4 d6 2.d4 g6 3.Nc3 Bg7 4.f4 Nf6 5.Nf3 O-O 6.Bd3 c5 7.e5 Ne8 8.Be3 cxd4
9.Bxd4 Nc6 10.Be4 Nc7 11.exd6 Qxd6 12.Bxg7 Qxd1+ 13.Rxd1 Kxg7 14.O-O Be6
15.Bxc6 bxc6 16.Ne5 Bd5 17.Nxd5 cxd5 18.f5 gxf5 19.Rxf5 f6 20.Nc6 e5 21.g4 h6
22.Ne7 d4 23.Rh5 Rh8 24.Rd3 Ne6 25.Nf5+ Kg6 26.Rdh3 Nf4 27.Rxh6+ Rxh6 28.Rxh6+ Kg5
29.h4+ Kxg4 30.Rxf6 Rc8 31.Nh6+ Kxh4 32.Rf5 Rxc2 33.Rxe5 d3 34.Nf5+ Kg4 35.Ne3+ Kf3
36.Nxc2 dxc2 37.Re1 c1=Q 38.Rxc1 Ne2+ 39.Kf1 Nxc1 40.Ke1 Nxa2 41.Kd2 Ke4
42.Kc2 Nb4+ 43.Kb3 Nc6 44.Kc4 Nb8 45.b4 Ke5 46.Kc5 Ke6 47.Kc4 Kd6 48.b5 Kc7
49.Kb4 Kb6 50.Kc4 Nd7 51.Kb3 Kxb5 52.Ka2 Ka4 53.Kb1 Ka3  0-1

[Event "23rd EYCC Girls U18 2013"]
[Site "Budva MNE"]
[Date "2013.10.03"]
[Round "5.7"]
[White "Oliveira,Maria"]
[Black "Tantsiura,M"]
[Result "1/2-1/2"]
[WhiteElo "1984"]
[BlackElo "2189"]

1.e4 g6 2.d4 Bg7 3.Nc3 d6 4.f4 Nf6 5.Nf3 O-O 6.Bd3 Na6 7.O-O c5 8.d5 Nc7
9.Qe1 Rb8 10.a4 b6 11.Qh4 a6 12.Nd1 c4 13.Bxc4 Nxe4 14.Ng5 Nxg5 15.fxg5 e6
16.Ne3 exd5 17.Bxd5 Qe7 18.Bb3 d5 19.c3 Qc5 20.Kh1 Bd7 21.Bd2 Rbe8 22.Rfe1 Re4
23.Qf2 Qd6 24.Nc2 Ne6 25.Rxe4 dxe4 26.Be3 Nc5 27.Bxc5 bxc5 28.Ne3 Be6 29.Rd1 Qe5
30.Bxe6 fxe6 31.Qh4 Rf4 32.Qg3 Bf8 33.Nc4 Qd5 34.Rg1 Rf7 35.Ne3 Qd2 36.Nc4 Qe2
37.b3 Rf1 38.Qe3 Rxg1+ 39.Kxg1 Qd1+ 40.Kf2 Qc2+ 41.Kf1  1/2-1/2

[Event "23rd EYCC Open U18 2013"]
[Site "Budva MNE"]
[Date "2013.10.03"]
[Round "5.22"]
[White "Petrusic,T"]
[Black "Kisic,B"]
[Result "1/2-1/2"]
[WhiteElo "2289"]
[BlackElo "2071"]

1.e4 g6 2.d4 Bg7 3.Nc3 d6 4.Nf3 a6 5.a4 Nc6 6.Be3 Nf6 7.h3 O-O 8.Be2 e5 9.d5 Ne7
10.g4 c6 11.Qd2 cxd5 12.exd5 b6 13.g5 Nh5 14.Ne4 Bf5 15.Ng3 Nf4 16.c4 Ng2+
17.Kf1 Nxe3+ 18.fxe3 f6 19.gxf6 Rxf6 20.e4 Bd7 21.Kg2 Rf4 22.a5 h5 23.h4 Bh6
24.Qb4 Bg4 25.axb6 Qd7 26.Ra3 Rff8 27.Qc3 g5 28.hxg5 Ng6 29.gxh6 Nf4+ 30.Kf2 Nxe2
31.Nxe2 Rxf3+ 32.Qxf3 Bxf3 33.Rxf3 Qb7 34.c5 dxc5 35.Rf6 Qe7 36.Re6 Qf7+
37.Ke1 Rf8 38.Rg1+ Kh8 39.Rxe5 Qf2+ 40.Kd1 Qe3 41.h7 Qd3+ 42.Kc1 Qxe2 43.Rg8+ Rxg8
44.hxg8=Q+ Kxg8 45.Re8+ Kf7 46.b7 Qc4+ 47.Kb1 Qd3+ 48.Ka2 Qc4+ 49.Kb1  1/2-1/2

[Event "23rd EYCC Girls U18 2013"]
[Site "Budva MNE"]
[Date "2013.10.03"]
[Round "5.18"]
[White "Hoare,Amy B"]
[Black "Gulay,Ayca Nuriye"]
[Result "1-0"]
[WhiteElo "1930"]
[BlackElo "1634"]

1.e4 g6 2.d4 Bg7 3.Nc3 d6 4.Be3 a6 5.Qd2 Nd7 6.h4 h5 7.Nh3 Ngf6 8.f3 e6 9.Ng5 b5
10.e5 Nh7 11.Nxh7 Rxh7 12.Bg5 f6 13.Bd3 Nf8 14.exf6 Bxf6 15.Ne4 Be7 16.O-O-O Rb8
17.Bxe7 Qxe7 18.Ng5 Rg7 19.Rde1 Qf6 20.Re4 b4 21.Rhe1 Re7 22.d5 a5 23.Qe3 a4
24.Qa7 Rb7 25.Qxa4+ Kd8 26.dxe6 c5 27.Qc6 Bxe6 28.Qxd6+ Red7 29.Nxe6+ Nxe6
30.Qxe6  1-0

[Event "Kolomenskaya versta IM 2013"]
[Site "Kolomna RUS"]
[Date "2013.10.03"]
[Round "7"]
[White "Rakhmangulov,A"]
[Black "Balashov,Y"]
[Result "1/2-1/2"]
[WhiteElo "2395"]
[BlackElo "2435"]

1.d4 g6 2.e4 d6 3.Nc3 Bg7 4.Be2 Nf6 5.h4 h5 6.Nf3 O-O 7.Ng5 Nc6 8.Be3 a6
9.f3 b5 10.Qd2 e5 11.d5 Nd4 12.Bf1 c5 13.Nd1 b4 14.c3 bxc3 15.bxc3 Nb5 16.a4 Nc7
17.Nb2 Rb8 18.Nc4 Nh7 19.Nxh7 Kxh7 20.Be2 Ne8 21.Bg5 f6 22.Be3 f5 23.Bg5 Nf6
24.exf5 Bxf5 25.O-O e4 26.g4 hxg4 27.fxg4 Bc8 28.Rf4 Rb7 29.Raf1 Rbf7 30.Qc2 Qc7
31.h5 gxh5 32.Bxf6 Bxf6 33.Qxe4+ Kh8 34.Qg6 Qe7 35.Re4 Qd8 36.Ref4 Bxg4 37.Bxg4 hxg4
38.Qh6+ Kg8 39.Nxd6 Rh7 40.Qg6+  1/2-1/2

[Event "Tatry Open 2013"]
[Site "Tatranske Zruby SVK"]
[Date "2013.10.03"]
[Round "6.8"]
[White "Vojtek,V"]
[Black "Kotlowski,T"]
[Result "1-0"]
[WhiteElo "2281"]
[BlackElo "2033"]

1.e4 g6 2.d4 Bg7 3.Nc3 d6 4.Nf3 Nf6 5.Be3 O-O 6.Qd2 c6 7.O-O-O Qa5 8.Bh6 b5
9.Bxg7 Kxg7 10.e5 Ng4 11.h3 Nh6 12.a3 Na6 13.Ne4 Qxd2+ 14.Rxd2 Bf5 15.Nc3 Nc7
16.g4 Be6 17.Ng5 dxe5 18.dxe5 Rad8 19.Bg2 Rxd2 20.Kxd2 Nd5 21.Rd1 a5 22.Bxd5 Bxd5
23.Ke3 e6 24.Rd3 Ng8 25.Nxd5 exd5 26.Kd4 h6 27.Nf3 Ne7 28.Kc5 Rb8 29.Nd4 Kf8
30.Rf3 Ke8 31.Rf6  1-0

[Event "Lichtenrader Herbst 2013"]
[Site "Berlin GER"]
[Date "2013.10.04"]
[Round "7.13"]
[White "Noetzel,Fe"]
[Black "Schou Moldt,T"]
[Result "1-0"]
[WhiteElo "2081"]
[BlackElo "2221"]

1.e4 d6 2.d4 g6 3.Nc3 Bg7 4.f4 Nf6 5.Nf3 O-O 6.e5 Nfd7 7.h4 c5 8.h5 cxd4
9.Qxd4 dxe5 10.Qg1 e4 11.Ng5 Nf6 12.hxg6 hxg6 13.Qh2 Bg4 14.Bd2 Qd4 15.Ngxe4 Rd8
16.Nxf6+ exf6 17.Qh7+ Kf8 18.Bd3 Nc6 19.Kf1 Re8 20.g3 Bf5 21.Rd1 Bxd3+ 22.cxd3 Qxd3+
23.Kg2 Rad8 24.Be1 Qc2+ 25.Bf2 Rxd1 26.Rxd1 b6 27.Rd6 Nb4 28.Qh1 Qxb2 29.Nb5 Kg8
30.Rd7 Qc2 31.Rc7 Qxa2 32.Qd1 Nd5 33.Rc2 Qb3 34.Nd4 Qa4 35.Qf3 f5 36.Qxd5 Bxd4
37.Rc7 Re6 38.Bxd4 Qe8 39.Rd7 Re2+ 40.Kh3 g5 41.Rd8  1-0

[Event "TCh-AUT 2nd Mitte 2013-14"]
[Site "Fuerstenfeld AUT"]
[Date "2013.10.04"]
[Round "1.3"]
[White "Schwabeneder,Florian"]
[Black "Koller,Hans-Juergen"]
[Result "1-0"]
[WhiteElo "2327"]
[BlackElo "2091"]

1.e4 g6 2.d4 Bg7 3.Nc3 d6 4.g3 Nf6 5.Bg2 O-O 6.Nge2 c6 7.a4 e5 8.O-O Na6
9.h3 Re8 10.Be3 Be6 11.d5 cxd5 12.Nxd5 Bxd5 13.exd5 Nd7 14.a5 e4 15.Nd4 Bxd4
16.Qxd4 Qf6 17.Qxf6 Nxf6 18.c4 Nb4 19.Rad1 Nh5 20.g4 Ng7 21.b3 f5 22.Bf4 Rad8
23.Bg5 Rc8 24.f3 exf3 25.Bxf3 Rc5 26.Rfe1 Rc7 27.Rxe8+ Nxe8 28.gxf5 gxf5
29.Re1 Ng7 30.Re7 Na6 31.Rxc7 Nxc7 32.Bf4 Nge8 33.c5 Nb5 34.Be2 Nd4 35.Bc4 Kf8
36.cxd6 Nf6 37.Be3 Nf3+ 38.Kg2 Ne5 39.Bxa7 Nxc4 40.bxc4 Ke8 41.Bd4 Nh5  1-0

[Event "TCh-AUT 2nd Mitte 2013-14"]
[Site "Fuerstenfeld AUT"]
[Date "2013.10.05"]
[Round "2.3"]
[White "Schwabeneder,Florian"]
[Black "Schmidt,Pe1"]
[Result "1-0"]
[WhiteElo "2327"]
[BlackElo "2386"]

1.e4 d6 2.d4 g6 3.Nc3 Bg7 4.f4 Nc6 5.Be3 Nf6 6.Nf3 O-O 7.Qd2 e6 8.O-O-O Ne7
9.Bd3 b6 10.e5 Nfd5 11.Ne4 Nxe3 12.Qxe3 Bb7 13.h4 Bxe4 14.Bxe4 d5 15.Bd3 c5
16.c3 c4 17.Bb1 b5 18.h5 b4 19.hxg6 hxg6 20.Ng5 bxc3 21.Rh8+  1-0

[Event "TCh-AUT 2nd Mitte 2013-14"]
[Site "Fuerstenfeld AUT"]
[Date "2013.10.05"]
[Round "2.6"]
[White "Kubinger,T"]
[Black "Ertl,J"]
[Result "1/2-1/2"]
[WhiteElo "2157"]
[BlackElo "2258"]

1.d4 g6 2.e4 Bg7 3.Nc3 d6 4.g3 Nd7 5.Bg2 Ngf6 6.Nge2 O-O 7.O-O c5 8.h3 a6
9.a4 Qc7 10.Be3 cxd4 11.Bxd4 e5 12.Be3 Nb6 13.b3 Be6 14.Nb1 Nbd7 15.c4 Nc5
16.Nbc3 Rfe8 17.Rb1 Rac8 18.Qd2 Qc6 19.Qc2 Qd7 20.Kh2 Qc7 21.Rfd1 Ncd7 22.Qd2 Bf8
23.Nc1 Be7 24.N1a2 Qa5 25.Bg5 Qc5 26.Nc1 Kg7 27.Bh6+ Kg8 28.Nd3 Qb6 29.Be3 Qa5
30.Nc1 Kg7 31.N1a2 h5 32.Nc1  1/2-1/2

[Event "TCh-CRO II Liga 2013"]
[Site "Primosten CRO"]
[Date "2013.10.05"]
[Round "5.2"]
[White "Deur,Z"]
[Black "Ledic,K"]
[Result "1/2-1/2"]
[WhiteElo "2112"]
[BlackElo "2192"]

1.e4 d6 2.d4 g6 3.Nc3 Bg7 4.f4 Nf6 5.Nf3 O-O 6.Bd3 Na6 7.O-O c5 8.d5 Nc7
9.a4 Rb8 10.Kh1 b6 11.Qe2 a6 12.Nd1 b5 13.c4 bxc4 14.Bxc4 Bb7 15.Nc3 e6 16.Rd1 exd5
17.exd5 Re8 18.Qf1 Ng4 19.Qg1 h5 20.Ra3 Nh6 21.Nb1 Nf5 22.Rad3 Nd4 23.Nc3 Bc8  1/2-1/2

[Event "23rd EYCC Open U18 2013"]
[Site "Budva MNE"]
[Date "2013.10.06"]
[Round "7.27"]
[White "Tesik,C"]
[Black "Kisic,B"]
[Result "0-1"]
[WhiteElo "2372"]
[BlackElo "2071"]

1.e4 g6 2.d4 Bg7 3.Nc3 d6 4.Bg5 c6 5.Qd2 Nd7 6.f4 b5 7.Nf3 b4 8.Ne2 Qb6 9.Ng3 f6
10.Bh4 Bh6 11.Bc4 e5 12.Ne2 exf4 13.Bf2 g5 14.h3 Ne7 15.Be6 d5 16.e5 Nf8
17.Bxc8 Nxc8 18.exf6 Nd6 19.Ne5 Ne4 20.f7+ Ke7 21.Qxb4+ Qxb4+  0-1

[Event "23rd EYCC Open U16 2013"]
[Site "Budva MNE"]
[Date "2013.10.06"]
[Round "7.34"]
[White "Andreev,Pete"]
[Black "Fraser,John"]
[Result "1-0"]
[WhiteElo "2007"]
[BlackElo "1862"]

1.d4 g6 2.e4 Bg7 3.Nc3 d6 4.Be3 a6 5.Qd2 Nd7 6.h4 b5 7.h5 Ngf6 8.h6 Bf8 9.f3 Bb7
10.g4 c5 11.g5 Ng8 12.Bh3 e6 13.dxc5 dxc5 14.O-O-O Ne7 15.Nge2 Nc6 16.Nf4 Nde5
17.Qf2 Qa5 18.Kb1 b4 19.Nce2 Nc4 20.Nxe6 fxe6 21.Bxe6 N6e5 22.f4 Qb6 23.Bh3 Na3+
24.Kc1 Nec4 25.Ng3 Rd8 26.Rxd8+ Kxd8 27.Rd1+ Kc7 28.e5 Bc6 29.f5 gxf5 30.Qxf5 Be7
31.Bf4 Qb7 32.Bg2 Rd8 33.Rxd8 Kxd8 34.Bxc6 Qxc6 35.bxa3 Nxa3 36.Qxh7 Qg2
37.Qd3+ Kc7 38.h7 c4 39.e6+ Kb6 40.Qe2 Qg1+ 41.Qd1 Qh2 42.Nh5 Bxg5 43.Bxg5 Qe5
44.Qd8+  1-0

[Event "4NCL Indiv Rapid 2013"]
[Site "Daventry ENG"]
[Date "2013.10.06"]
[Round "4.16"]
[White "Duggan,C"]
[Black "Pein,Jonathan"]
[Result "1-0"]
[WhiteElo "2036"]
[BlackElo "1770"]

1.e4 g6 2.d4 Bg7 3.Nc3 d6 4.Be2 a6 5.Be3 Nd7 6.Bf3 e5 7.Nge2 Ngf6 8.h3 O-O
9.Qd2 b5 10.a3 Nb6 11.b3 Bb7 12.d5 Nfd7 13.g4 Rc8 14.Bh6 Qf6 15.Bg2 Bxh6
16.Qxh6 c6 17.O-O cxd5 18.exd5 Nc5 19.Ng3 Qg7 20.Qd2 Rc7 21.Rac1 Rfc8 22.Rfd1 Nbd7
23.Nce4 Qf8 24.Kh2 Qe7 25.Qh6 Nxe4 26.Bxe4 Nf6 27.g5 Ne8 28.Re1 Rc5 29.Red1 Nc7
30.Nh5 f5 31.gxf6 Qf7 32.Qg7+ Qxg7 33.fxg7 Ne8  1-0

[Event "Tatry Open 2013"]
[Site "Tatranske Zruby SVK"]
[Date "2013.10.06"]
[Round "9.10"]
[White "Cech,P"]
[Black "Demeter,P"]
[Result "1/2-1/2"]
[WhiteElo "2389"]
[BlackElo "2143"]

1.d4 g6 2.e4 d6 3.Nc3 Bg7 4.Be3 Nf6 5.Qd2 O-O 6.Bh6 c5 7.d5 e6 8.Bxg7 Kxg7
9.dxe6 Bxe6 10.O-O-O Nc6 11.f3 Qa5 12.a3 Rad8 13.Nd5 Qxd2+ 14.Rxd2 Bxd5 15.exd5 Ne7
16.c4 Nf5 17.Bd3 Nd4 18.Rf2 Rde8 19.Ne2 Nxe2+ 20.Rxe2 Rxe2 21.Bxe2 g5 22.Kd2 h6
23.b4 Nd7 24.Bd3 b6 25.Re1 Kf6 26.Kc3 a5 27.bxa5 Ra8 28.Kb3  1/2-1/2

[Event "TCh-AUT 2nd Ost 2013-14"]
[Site "Vienna AUT"]
[Date "2013.10.06"]
[Round "2.3"]
[White "Maslik,M"]
[Black "Todor,R"]
[Result "1-0"]
[WhiteElo "2366"]
[BlackElo "2161"]

1.d4 g6 2.e4 Bg7 3.Nc3 d6 4.Nf3 a6 5.Bd3 b5 6.O-O Bb7 7.Re1 c5 8.dxc5 dxc5
9.Bf4 Nf6 10.e5 Nd5 11.Nxd5 Bxd5 12.a4 O-O 13.axb5 c4 14.Be4 e6 15.Bxd5 exd5
16.Bg5 Qd7 17.Nd4 Re8 18.Bf6 Ra7 19.Bxg7 Kxg7 20.Qf3 axb5 21.Rxa7 Qxa7 22.Qxd5 Qd7
23.Qxb5 Qxb5 24.Nxb5 Nc6 25.Nd6 Rxe5 26.Rxe5 Nxe5 27.Kf1 Kf6 28.f4 Ng4 29.Nxc4 Nxh2+
30.Ke2 Kf5 31.b4  1-0

[Event "FSFMB October 2013"]
[Site "Budapest HUN"]
[Date "2013.10.07"]
[Round "3.4"]
[White "Steer,J"]
[Black "Bella,Zsolt"]
[Result "1-0"]
[WhiteElo "1894"]
[BlackElo "1396"]

1.e4 g6 2.d4 d6 3.Nc3 Bg7 4.Bc4 Nc6 5.Be3 Nf6 6.f3 O-O 7.Qd2 e5 8.Nge2 Nb4
9.O-O-O d5 10.dxe5 Nd7 11.Nxd5 Nxd5 12.Bxd5 c6 13.Bb3 Bxe5 14.Bd4 Qf6 15.h4 h5
16.g4 Qxf3 17.gxh5 Qxh5 18.Bxe5 Qxe5 19.h5 Nc5 20.hxg6 Nxb3+ 21.axb3 Be6
22.Qh6 Qg7 23.gxf7+ Kxf7 24.Rdf1+ Kg8 25.Qxe6+  1-0

[Event "23rd EYCC Open U18 2013"]
[Site "Budva MNE"]
[Date "2013.10.08"]
[Round "9.14"]
[White "Studer,N"]
[Black "Kisic,B"]
[Result "1-0"]
[WhiteElo "2341"]
[BlackElo "2071"]

1.e4 g6 2.d4 Bg7 3.Nc3 d6 4.f4 a6 5.Nf3 b5 6.Bd3 Nd7 7.e5 Bb7 8.a4 b4 9.Ne4 Nh6
10.O-O O-O 11.Qe2 c5 12.e6 f5 13.Neg5 Nb6 14.a5 Nd5 15.dxc5 dxc5 16.Ne5 Qc7
17.Bd2 Nf6 18.h3 Ne4 19.Nxe4 fxe4 20.Bxe4 Bxe4 21.Qxe4 Nf5 22.Rfe1 Qd6 23.Rad1 Qxe6
24.c3 bxc3 25.Bxc3 Nd6 26.Qa4 Bxe5 27.Rxe5 Qf7 28.Qd7 Rfe8 29.Rde1 Rad8 30.Qa7 e6
31.Qxa6 Qxf4 32.Rf1 Qa4 33.Qa7 Nf5 34.Rxc5 Rd1 35.Rxf5 exf5 36.Rxd1  1-0

[Event "Chinese Teams 2013"]
[Site "Qingdao CHN"]
[Date "2013.10.10"]
[Round "11.1"]
[White "Fang,Yan"]
[Black "Liu,Chang"]
[Result "1/2-1/2"]
[WhiteElo "2281"]
[BlackElo "2364"]

1.e4 d6 2.d4 g6 3.Nc3 Bg7 4.Bg5 c6 5.Qd2 Nf6 6.O-O-O b5 7.f3 Qa5 8.Kb1 Nbd7
9.h4 h6 10.Bxf6 Bxf6 11.f4 Nb6 12.Nd5 Qxd2 13.Nxf6+ exf6 14.Rxd2 a6 15.h5 Kf8
16.Bd3 Kg7 17.Ne2 f5 18.Ng3 fxe4 19.Bxe4 d5 20.Bd3 Re8 21.hxg6 fxg6 22.Re2 Bg4
23.Ree1 Rxe1+ 24.Rxe1 Rf8 25.Re7+ Rf7 26.Rxf7+ Kxf7 27.Kc1 Kf6  1/2-1/2

[Event "7th Univ Cent Open 2013"]
[Site "Bogota COL"]
[Date "2013.10.11"]
[Round "4.61"]
[White "Salazar,Andersson"]
[Black "Ordonez Gonzalez,Gabriel"]
[Result "0-1"]
[WhiteElo "1578"]
[BlackElo "1884"]

1.e4 d6 2.d4 g6 3.Nc3 Bg7 4.Be3 c6 5.f3 b5 6.Bd3 Nd7 7.f4 e5 8.d5 cxd5 9.Nxd5 Ngf6
10.Nxf6+ Bxf6 11.Bxb5 Qa5+ 12.Qd2 Qxb5 13.O-O-O exf4 14.Bd4 O-O 15.Bxf6 Nxf6
16.Qxf4 Qe5 17.Qh4 Rb8 18.c3 Bg4 19.Nf3 Bxf3 20.gxf3 Rfc8 21.f4 Rxc3+ 22.Kb1 Qb5
23.b3 Rxb3+ 24.Kc1 Qc4+ 25.Kd2 Nxe4+ 26.Ke1 Re3+  0-1

[Event "Chinese Teams 2013"]
[Site "Qingdao CHN"]
[Date "2013.10.11"]
[Round "12.1"]
[White "Gong Qianyun"]
[Black "Munguntuul,B"]
[Result "1/2-1/2"]
[WhiteElo "2327"]
[BlackElo "2440"]

1.d4 d6 2.e4 g6 3.Nc3 Bg7 4.Be3 a6 5.Bc4 b5 6.Bb3 Bb7 7.f3 Nd7 8.a4 b4 9.Nce2 c5
10.c3 a5 11.Nh3 e6 12.O-O Ba6 13.c4 Ne7 14.Rc1 O-O 15.Ba2 Re8 16.b3 Nc6 17.f4 cxd4
18.Nxd4 Nxd4 19.Bxd4 Qc7 20.Bxg7 Kxg7 21.f5 Nf6 22.Qd4 e5 23.Qd3 Qc5+ 24.Kh1 Qd4
25.Bb1 Bb7 26.Rce1 Qxd3 27.Bxd3 Nd7 28.Bc2 f6 29.Rd1 Ra6 30.g4 Nc5 31.Nf2 Kf7
32.Kg2 gxf5 33.gxf5 Rg8+ 34.Kf3 Rg5 35.Ke3 Rg2 36.Rg1 Rxh2 37.Rh1 Rg2 38.Rxh7+ Kg8
39.Rdh1 Rg3+ 40.Ke2 Ra8 41.Kf1 Rg7 42.R7h4 Kf8 43.Rh7 Kg8 44.R7h4 Kf8 45.Rg4 Kf7
46.Rhg1 Rxg4 47.Rxg4 Rh8 48.Ke2 Rh6 49.Ke3  1/2-1/2

[Event "12th Istanbul Open A 2013"]
[Site "Istanbul TUR"]
[Date "2013.10.12"]
[Round "1.17"]
[White "Temel,Burcu Melis"]
[Black "Ozalp,B"]
[Result "0-1"]
[WhiteElo "1718"]
[BlackElo "2044"]

1.e4 g6 2.d4 Bg7 3.Nc3 d6 4.g3 a6 5.a4 Nd7 6.Bg2 c5 7.Be3 cxd4 8.Bxd4 Ngf6
9.a5 O-O 10.Nge2 e5 11.Be3 Ng4 12.Qxd6 Nxe3 13.fxe3 Nf6 14.Qxd8 Rxd8 15.O-O Be6
16.Rad1 Ng4 17.Rxd8+ Rxd8 18.Nd5 Bxd5 19.exd5 Nxe3 20.Rf3 Nxg2 21.Kxg2 Rxd5
22.Rc3 Rxa5 23.Rc8+ Bf8 24.Nc3 Rc5 25.Rb8 b5 26.Kf3 f5 27.Rb6 e4+ 28.Ke2 g5
29.Kd2 Bg7 30.Rxa6 Bxc3+ 31.bxc3 f4 32.gxf4 gxf4 33.Rf6 e3+ 34.Kd3 Rd5+ 35.Ke2 Rd2+
36.Ke1 Rf2 37.Re6 Rxh2  0-1